00758nam a22002057a 4500999001900000005001700019010001300036020002600049035001300075037000900088082001600097100002000113245005600133260004500189270006000234300002400294500005000318942003000368952015400398 c179320d17932020210607115214.0 aB-739998 a9788176466813c695.00 aB-739998 bGift a338.7490954 aMishra, Sanjeev aDisinvested public enterprises /cby Sanjeev Mishra aDelhibB.R. Publishing Corporationc2009 a425, Nimri Colony, Ashok Vihar, Phase-IVbDelhie110052 axv, 240p.c22cm(Hb) aincludes bibliographical references and index 2ddccENmMISh338.7490954 001040708NFICaAVbAVd2021-06-07eGift/Eng/03-05-2021g695.00l0o338.7490954 MISpB-739998r2021-06-07 00:00:00t1v695.00w2021-06-07yENzGift